| 000 | 00478nam a2200169 i 4500 | ||
|---|---|---|---|
| 001 | 90029 | ||
| 003 | ES-MaACL | ||
| 005 | 20230906180329.0 | ||
| 007 | t| | ||
| 008 | 050117s1973 sp ||||1| spa d | ||
| 100 | 1 |
_aLeek, Sybil. _971204 |
|
| 245 | 1 | 0 |
_aTelepatía / _cSybil Leek ; [traducción, Guillermo Gaya]. |
| 260 |
_a[Barcelona] : _bMartínez Roca, _c[1973] |
||
| 300 |
_a129 p. ; _c21 cm. |
||
| 700 | 1 |
_aGayá, Guillermo. _956123 |
|
| 852 |
_aES-MaACL _jC-54770 _bR.87425 |
||
| 999 |
_c90029 _d90029 |
||